01127 2200337 4500001002100000005001500021035002000036007000300056008004100059020002200100040002200122082001400144084001600158090002200174100002900196245012500225250003200350300005000382500007200432650002600504700003100530700003100561850001200592504003400604264003300638336002100671337003000692338002300722999002200745990002200767INLIS00000000086418620210826022119 a0010-0821000885ta210826t2007 yoia g ind d a978-979-24-3824-6 aYOPDYOGbinderda04223a153.4 a153.4 GOL s aCB-D.11 2007-16441 aGoldberg, Bruceepenulis10aSelf hypnosis :bbebas masalah dengan hypnosis /cBruce Goldberg; penerjemah, Cahya Wiratama; penyunting, Hermawan Aksan aCetakan pertama: Juli, 2007 axii, 234 halaman :bilustrasi, tabel ;c24 cm aJudul asli: Self hypnosis: easy way to hypnotize your problems away 4aPikiran dan pemikiran0 aHermawan Aksanepenyunting0 aCahya Wiratamaepenyunting aYOPDYOG aBibliografi : halaman 227-23231aYogyakarta :bB-first,c2007 2rdacontentateks 2rdamediaatanpa perantara 2rdacarrieravolume aCB-D.11/2007-1644 aCB-D.11/2007-1644